00724nam a2200181 i 4500001000300000100002300003245014300026260003800169490005700207650002300264700002200287830005700309040000800366041000800374080002100382008004100403856009800444bg1 aBUCHANAN, Bruce G. 0aRule-based expert systems :bthe MYCIN experiments of the Stanford heuristic programming project /ced. by B.G. Buchanan, E.H. Shortliffe. aReading :bAddison-Wesley,c1984.1 aThe Addison-Wesley Series in Artificial Intelligence 9aSystemy ekspertowe1 aSHORTLIFFE, E. H. aThe Addison-Wesley Series in Artificial Intelligence cBPK apol a004.891:001.5:61 s pl f |000 0 pol  uhttp://koha.tu.koszalin.pl/cgi-bin/koha/opac-detail.pl?biblionumber=23534yKatalog online BPK